<?xml version="1.0" encoding="UTF-8"?>
<collection xmlns="http://www.loc.gov/MARC21/slim">
 <record>
  <leader>02077aam a22003018a 4500</leader>
  <controlfield tag="001">NCT_6156</controlfield>
  <controlfield tag="008">141201s2004                  ||||||engsd</controlfield>
  <datafield tag="999" ind1=" " ind2=" ">
   <subfield code="c">311</subfield>
   <subfield code="d">311</subfield>
  </datafield>
  <datafield tag="020" ind1=" " ind2=" ">
   <subfield code="c">32000</subfield>
  </datafield>
  <datafield tag="082" ind1="0" ind2="4">
   <subfield code="2">23rd ed.</subfield>
   <subfield code="a">428.2</subfield>
   <subfield code="b">W178</subfield>
  </datafield>
  <datafield tag="100" ind1="1" ind2=" ">
   <subfield code="a">Walker, Elaine</subfield>
  </datafield>
  <datafield tag="245" ind1="1" ind2="0">
   <subfield code="a">New grammar practice for pre-intermediate students</subfield>
   <subfield code="c">Elaine Walker, Steve Elsworth ; Thực hiện: Lê Thành Tâm</subfield>
  </datafield>
  <datafield tag="260" ind1=" " ind2=" ">
   <subfield code="a">Tp. Hồ Chí Minh</subfield>
   <subfield code="b">Trẻ</subfield>
   <subfield code="c">2004</subfield>
  </datafield>
  <datafield tag="300" ind1=" " ind2=" ">
   <subfield code="a">176 p.</subfield>
   <subfield code="b">ill.</subfield>
   <subfield code="c">21 cm</subfield>
  </datafield>
  <datafield tag="653" ind1=" " ind2=" ">
   <subfield code="a">Khoa học cơ bản</subfield>
  </datafield>
  <datafield tag="700" ind1="1" ind2=" ">
   <subfield code="a">Elsworth, Steve</subfield>
  </datafield>
  <datafield tag="700" ind1="1" ind2=" ">
   <subfield code="a">Lê Thành Tâm</subfield>
   <subfield code="e">thực hiện</subfield>
  </datafield>
  <datafield tag="942" ind1=" " ind2=" ">
   <subfield code="2">ddc</subfield>
   <subfield code="c">BK</subfield>
  </datafield>
  <datafield tag="952" ind1=" " ind2=" ">
   <subfield code="0">0</subfield>
   <subfield code="1">0</subfield>
   <subfield code="2">ddc</subfield>
   <subfield code="4">0</subfield>
   <subfield code="6">428_200000000000000_W178</subfield>
   <subfield code="7">0</subfield>
   <subfield code="9">1549</subfield>
   <subfield code="a">000001</subfield>
   <subfield code="b">000001</subfield>
   <subfield code="d">2017-10-18</subfield>
   <subfield code="o">428.2 W178</subfield>
   <subfield code="p">MD.01490</subfield>
   <subfield code="r">2017-10-18</subfield>
   <subfield code="v">32000.00</subfield>
   <subfield code="w">2017-10-18</subfield>
   <subfield code="y">BK</subfield>
  </datafield>
  <datafield tag="952" ind1=" " ind2=" ">
   <subfield code="0">0</subfield>
   <subfield code="1">0</subfield>
   <subfield code="2">ddc</subfield>
   <subfield code="4">0</subfield>
   <subfield code="6">428_200000000000000_W178</subfield>
   <subfield code="7">0</subfield>
   <subfield code="9">1550</subfield>
   <subfield code="a">000001</subfield>
   <subfield code="b">000001</subfield>
   <subfield code="d">2017-10-18</subfield>
   <subfield code="o">428.2 W178</subfield>
   <subfield code="p">MD.01491</subfield>
   <subfield code="r">2017-10-18</subfield>
   <subfield code="v">32000.00</subfield>
   <subfield code="w">2017-10-18</subfield>
   <subfield code="y">BK</subfield>
  </datafield>
  <datafield tag="952" ind1=" " ind2=" ">
   <subfield code="0">0</subfield>
   <subfield code="1">0</subfield>
   <subfield code="2">ddc</subfield>
   <subfield code="4">0</subfield>
   <subfield code="6">428_200000000000000_W178</subfield>
   <subfield code="7">0</subfield>
   <subfield code="9">1551</subfield>
   <subfield code="a">000001</subfield>
   <subfield code="b">000001</subfield>
   <subfield code="d">2017-10-18</subfield>
   <subfield code="l">1</subfield>
   <subfield code="o">428.2 W178</subfield>
   <subfield code="p">MD.01493</subfield>
   <subfield code="r">2021-03-25</subfield>
   <subfield code="s">2021-03-16</subfield>
   <subfield code="v">32000.00</subfield>
   <subfield code="w">2017-10-18</subfield>
   <subfield code="y">BK</subfield>
  </datafield>
  <datafield tag="952" ind1=" " ind2=" ">
   <subfield code="0">0</subfield>
   <subfield code="1">0</subfield>
   <subfield code="2">ddc</subfield>
   <subfield code="4">0</subfield>
   <subfield code="6">428_200000000000000_W178</subfield>
   <subfield code="7">0</subfield>
   <subfield code="9">1552</subfield>
   <subfield code="a">000001</subfield>
   <subfield code="b">000001</subfield>
   <subfield code="d">2017-10-18</subfield>
   <subfield code="l">1</subfield>
   <subfield code="o">428.2 W178</subfield>
   <subfield code="p">MD.01494</subfield>
   <subfield code="r">2021-04-06</subfield>
   <subfield code="s">2021-03-24</subfield>
   <subfield code="v">32000.00</subfield>
   <subfield code="w">2017-10-18</subfield>
   <subfield code="y">BK</subfield>
  </datafield>
  <datafield tag="952" ind1=" " ind2=" ">
   <subfield code="0">0</subfield>
   <subfield code="1">0</subfield>
   <subfield code="2">ddc</subfield>
   <subfield code="4">0</subfield>
   <subfield code="6">428_200000000000000_W178</subfield>
   <subfield code="7">0</subfield>
   <subfield code="9">1553</subfield>
   <subfield code="a">000001</subfield>
   <subfield code="b">000001</subfield>
   <subfield code="d">2017-10-18</subfield>
   <subfield code="l">2</subfield>
   <subfield code="o">428.2 W178</subfield>
   <subfield code="p">MD.01496</subfield>
   <subfield code="r">2020-07-30</subfield>
   <subfield code="s">2020-07-27</subfield>
   <subfield code="v">32000.00</subfield>
   <subfield code="w">2017-10-18</subfield>
   <subfield code="y">BK</subfield>
  </datafield>
  <datafield tag="952" ind1=" " ind2=" ">
   <subfield code="0">0</subfield>
   <subfield code="1">0</subfield>
   <subfield code="2">ddc</subfield>
   <subfield code="4">0</subfield>
   <subfield code="6">428_200000000000000_W178</subfield>
   <subfield code="7">0</subfield>
   <subfield code="9">4756</subfield>
   <subfield code="a">000001</subfield>
   <subfield code="b">000001</subfield>
   <subfield code="d">2017-11-29</subfield>
   <subfield code="o">428.2 W178</subfield>
   <subfield code="p">MD.03346</subfield>
   <subfield code="r">2017-11-29</subfield>
   <subfield code="v">32000.00</subfield>
   <subfield code="w">2017-11-29</subfield>
   <subfield code="y">BK</subfield>
  </datafield>
  <datafield tag="952" ind1=" " ind2=" ">
   <subfield code="0">0</subfield>
   <subfield code="1">0</subfield>
   <subfield code="2">ddc</subfield>
   <subfield code="4">0</subfield>
   <subfield code="6">428_200000000000000_W178</subfield>
   <subfield code="7">0</subfield>
   <subfield code="9">4757</subfield>
   <subfield code="a">000001</subfield>
   <subfield code="b">000001</subfield>
   <subfield code="d">2017-11-29</subfield>
   <subfield code="o">428.2 W178</subfield>
   <subfield code="p">MD.03347</subfield>
   <subfield code="r">2017-11-29</subfield>
   <subfield code="v">32000.00</subfield>
   <subfield code="w">2017-11-29</subfield>
   <subfield code="y">BK</subfield>
  </datafield>
  <datafield tag="952" ind1=" " ind2=" ">
   <subfield code="0">0</subfield>
   <subfield code="1">0</subfield>
   <subfield code="2">ddc</subfield>
   <subfield code="4">0</subfield>
   <subfield code="6">428_200000000000000_W178</subfield>
   <subfield code="7">0</subfield>
   <subfield code="9">4758</subfield>
   <subfield code="a">000001</subfield>
   <subfield code="b">000001</subfield>
   <subfield code="d">2017-11-29</subfield>
   <subfield code="o">428.2 W178</subfield>
   <subfield code="p">MD.03348</subfield>
   <subfield code="r">2017-11-29</subfield>
   <subfield code="v">32000.00</subfield>
   <subfield code="w">2017-11-29</subfield>
   <subfield code="y">BK</subfield>
  </datafield>
  <datafield tag="952" ind1=" " ind2=" ">
   <subfield code="0">0</subfield>
   <subfield code="1">0</subfield>
   <subfield code="2">ddc</subfield>
   <subfield code="4">0</subfield>
   <subfield code="6">428_200000000000000_W178</subfield>
   <subfield code="7">0</subfield>
   <subfield code="9">4759</subfield>
   <subfield code="a">000001</subfield>
   <subfield code="b">000001</subfield>
   <subfield code="d">2017-11-29</subfield>
   <subfield code="o">428.2 W178</subfield>
   <subfield code="p">MD.03349</subfield>
   <subfield code="r">2017-11-29</subfield>
   <subfield code="v">32000.00</subfield>
   <subfield code="w">2017-11-29</subfield>
   <subfield code="y">BK</subfield>
  </datafield>
  <datafield tag="980" ind1=" " ind2=" ">
   <subfield code="a">Thư viện Trường Đại học Nam Cần Thơ</subfield>
  </datafield>
 </record>
</collection>
